Miesto a úloha spoločných podnikov členských štátov RVHP v procese medzinárodného socialistického zospoločenšťovania výroby kandidátska dizertačná práca
Enregistré dans:
| Auteur principal: | |
|---|---|
| Collectivité auteur: | |
| Autres auteurs: | |
| Format: | Livre |
| Langue: | slovaque |
| Publié: |
Bratislava
1985
|
| Tags: |
Pas de tags, Soyez le premier à ajouter un tag!
|
MARC
| LEADER | 00000nam a2200000 4500 | ||
|---|---|---|---|
| 001 | c029897 | ||
| 005 | 20230116094350.1 | ||
| 041 | 0 | |a slo | |
| 044 | |a SK | ||
| 245 | 1 | 0 | |a Miesto a úloha spoločných podnikov členských štátov RVHP v procese medzinárodného socialistického zospoločenšťovania výroby |b kandidátska dizertačná práca |c Judita Táncošová ; Ved. práce Ladislav Pupala |
| 264 | 1 | |a Bratislava |c 1985 | |
| 300 | |a 168 s. | ||
| 100 | 1 | |a Táncošová, Judita | |
| 700 | 1 | |a Pupala, Ladislav | |
| 710 | 2 | |a Vysoká škola ekonomická v Bratislave. Národohospodárska fakulta | |